000 00262pam a2200121 a 4500
020 _c
041 _h
100 _aJ.J. Roy Burman
245 _aSacred Groves Among Communities
260 _bMittal Publication
_c1ed Ed. 2003
300 _a495
930 _a1704
999 _c247557
_d247557